| 000 | 00956nam a2200205Ia 4500 | ||
|---|---|---|---|
| 003 | OSt | ||
| 005 | 20241026134348.0 | ||
| 007 | ca aa aaaaa | ||
| 008 | 201103s9999 xx 000 0 und d | ||
| 040 | _cSSBUL | ||
| 041 | _abur | ||
| 082 |
_223 _a၂၉၄.၃၄၃၅၀၉ ဝမ်း _b၉၁၉၃ S-SAT |
||
| 100 | 0 |
_aဝမ်းတင်၊ ဦး(ဟင်္သာ) _917345 |
|
| 245 | 1 | 0 |
_aမြတ်ဘုရားရွှေတိဂုံ စောင့်ရှောက်ထိန်းသိမ်းပုံ / _cဦးဝမ်းတင် (ဟင်္သာ)။ |
| 260 |
_aရန်ကုန် ၊ _bသစ္စာမဏ္ဍိုင်ပိဋကတ်စာပေ၊ _c၁၉၉၅။ |
||
| 300 |
_aမ၊ ၁၈၉ စာမျက်နှာ ၊ _c၂၁ စင်တီ။ |
||
| 500 | _aS-SAT: Dr Sai Aung Tun | ||
| 650 |
_aရွှေတိဂုံဘုရား _vသမိုင်း _955073 |
||
| 942 |
_2ddc _cBK1 |
||
| 999 |
_c16734 _d16734 |
||